Complete the Card - WWE Judgment Day 2006 - Statistics

General Stats
  • This quiz has been taken 11 times
  • The average score is 14 of 18
Answer Stats
Answer % Correct
Booker T
100%
Brian Kendrick
100%
John Bradshaw Layfield
100%
Kurt Angle
100%
Paul London
100%
Rey Mysterio
100%
The Undertaker
100%
Finlay
83%
Joey Mercury
83%
Johnny Nitro
83%
Mark Henry
83%
The Great Khali
83%
Bobby Lashley
67%
Chris Benoit
67%
Melina
67%
Gregory Helms
50%
Jillian Hall
33%
Super Crazy
33%
No matching quizzes found
Score Distribution
Percent of People with Each Score
Percentile by Number Answered
Your Score History
You have not taken this quiz